Movies Quiz

Random Movies or Clip Quiz

Movie Themes Quiz Stats

 Plays Quiz Updated Nov 13, 2018

Also try: Movie Themes II
Challenge
Share
Tweet
Score 0/80 Timer 20:00
0 Plays Today
Time Movie % Correct
0:00-0:07Star Wars: Episode IV - A New Hope
98.1%
0:49-0:55Snow White and the Seven Dwarfs
87.7%
0:07-0:16Jurassic Park
78.5%
0:44-0:49Austin Powers: International Man of Mystery
77.2%
4:18-4:27Mary Poppins
68.5%
3:50-3:58Aladdin
61.2%
2:29-2:36The Lord of the Rings: The Fellowship of the Ring
59.3%
7:15-7:20The Little Mermaid
58.4%
5:07-5:15Willy Wonka & the Chocolate Factory
52.5%
8:06-8:11West Side Story
43.8%
0:31-0:39Shaft
43.7%
7:45-7:55Home Alone
42.3%
4:06-4:12The Terminator
41.1%
3:41-3:50Halloween
40.3%
2:00-2:08The Incredibles
40%
3:11-3:19Avatar
33.3%
1:00-1:09Lawrence of Arabia
30.6%
2:16-2:23Spider-Man
30.5%
0:39-0:44Kill Bill: Vol. 1
29%
5:28-5:34American Beauty
28%
4:59-5:07Beetlejuice
26%
0:24-0:31Gremlins
25.4%
0:16-0:24Blade Runner
24.6%
1:55-2:00Little Shop of Horrors
23.8%
7:37-7:45Love Story
21.2%
6:53-7:01Hook
20.8%
6:30-6:40Alien
18.1%
6:40-6:47The Neverending Story
17.8%
1:09-1:15Robin Hood: Prince of Thieves
17.7%
2:46-2:55Speed
17.2%
4:42-4:50Pretty in Pink
14.7%
9:34-9:41The Last of the Mohicans
14.3%
7:08-7:15Predator
14.2%
4:50-4:59National Treasure
13.7%
1:22-1:31License to Kill
13.3%
5:44-5:51Doctor Zhivago
12.5%
7:20-7:29Brokeback Mountain
12.5%
8:01-8:06A Fistful of Dollars
11.8%
2:23-2:29Honey, I Shrunk the Kids
11.3%
3:19-3:26The Truman Show
10.7%
Time Movie % Correct
7:01-7:08Vertigo
10%
4:34-4:42Rambo: First Blood Part II
9.4%
1:38-1:46The Departed
9.3%
8:52-9:00The Sixth Sense
9.1%
9:47-9:57Zorba the Greek
9.1%
5:21-5:28Lemony Snicket's A Series of Unfortunate Events
8.8%
7:29-7:37Chinatown
8.5%
7:55-8:01Rain Man
8.5%
8:28-8:38Out of Africa
8%
4:12-4:18Moonraker
7.8%
5:57-6:05Labyrinth
7.3%
1:46-1:55Cruel Intentions
7%
2:36-2:46Crimson Tide
6.7%
4:27-4:34Poltergeist
6.5%
2:55-3:04Major League
6.3%
3:58-4:06Starship Troopers
6.1%
9:00-9:08The Fugitive
5.8%
9:08-9:18Raging Bull
5.8%
3:34-3:41Bill & Ted's Excellent Adventure
5.7%
9:41-9:47'Crocodile' Dundee
5%
6:16-6:22Basic Instinct
4.7%
6:11-6:16Dick Tracy
4.6%
9:25-9:34Face/Off
4.2%
1:31-1:38The Warriors
4%
3:26-3:34The Last Starfighter
3.5%
6:22-6:30Tombstone
3.4%
8:11-8:19Dune
3.4%
0:55-1:00Big Trouble in Little China
3.3%
5:15-5:21The 'Burbs
3.1%
5:34-5:44I, Robot
3.1%
9:18-9:25The Secret of NIMH
3.1%
1:15-1:22Clash of the Titans
2.9%
3:04-3:11Get Carter
2.7%
2:08-2:16Miller's Crossing
2.4%
8:19-8:28The Crow
2.1%
8:45-8:52They Live
1.9%
8:38-8:45Ladyhawke
1.8%
5:51-5:57Blue Velvet
1.7%
6:47-6:53Arachnophobia
1.3%
6:05-6:11Streets of Fire
1.2%

You're not logged in!

Compare scores with friends on all Sporcle quizzes.
OR
Log In

You Might Also Like...

Show Comments

Extras

Top Quizzes Today


Score Distribution

Your Account Isn't Verified!

In order to create a playlist on Sporcle, you need to verify the email address you used during registration. Go to your Sporcle Settings to finish the process.

Report this User

Report this user for behavior that violates our Community Guidelines.

Details: